| 000 | 00342 a2200145 4500 | ||
|---|---|---|---|
| 001 | 169702 | ||
| 020 | _a | ||
| 040 | _cMagnum | ||
| 100 | _aMultipla | ||
| 240 | 1 | 0 |
_aBelo horizonte: a mais nova capital centenaria _lpor |
| 245 | 1 | 0 | _aBelo horizonte: a mais nova capital centenaria |
| 362 | 0 | _a1899 | |
| 697 | _aPARADIDATICO | ||
| 942 | _cBK | ||
| 999 |
_c169702 _d169702 |
||